00433nam a2200145Ia 4500008004100000020001300041041000800054082001800062100003600080245006000116250000600176260006100182300001300243650003100256210716s2001 xx 000 0 und d a70447098 aeng a005.3001 WEVP aWeverka, Peter;Poremsky, Diane. aWord 2002: the complete reference.bComplete reference. a1 aNew DelhibTata McGraw Hill Publishing Company Ltdc2001 axxii,955 aMicrosoft Windows(005.269)